01006njm a2200265Ia 4500001000600000003000900006005001700015008004100032040001300073040001300086100001600099100001800115100003700133245002900170250001100199260001300210260006100223300001700284300003000301500001600331505020400347650005100551700007900602700005900681B9927IT-RoPAU20220918181142.0131025s9999 xx 000 0 und d aIT-RoPAU cIT-RoPAU aBowie David eAutore musica gCodice autore musica SPICS: 8891 aBuddha of Suburbia (The) a1a ed. aGERMANIA bBMG RECORDSc1993 [1a Ed.:1993 - Ed. Lingua Orig.: 1993] aCOMPACT DISC c56 minuti (Testo: 0 pag.) aMusica pop. aBuddha of Suburbia - Sex and the Church - South Horizon - The Mysteries - Bleed Like A Craze, Dad - Strangers When We Meet - Dead Against It - Untitled n. 1 - Ian Fish, U.K. Heir - Buddha of Suburbia aPOP [COMPACT DISC]eCodice MATERIA SPICS: 9949 aBowie DavideAutore testo e musicagCodice autore testo/musica SPICS: 8891 aBowie DavidgCodice interprete SPICS: 8891eInterprete